| 000 | 00626nam a2200241Ia 4500 | ||
|---|---|---|---|
| 003 | OSt | ||
| 005 | 20220607095238.0 | ||
| 008 | 210719s1906 xx 000 0 und d | ||
| 040 | _cAL | ||
| 041 | _aeng | ||
| 082 | _a822.33J SHAW | ||
| 100 |
_aSHAKESPEARE (William) _940733 |
||
| 245 | _aWorks of William Shakespeare | ||
| 250 | _a2 | ||
| 260 |
_aLondon _bThe Gresham Publishing Company _c1906 |
||
| 300 |
_a258 _bHB |
||
| 365 | _cRs | ||
| 440 | _v12 | ||
| 650 |
_aEnglish Drama _940734 |
||
| 700 |
_aHenry Irving and Frank A Marshall _940735 |
||
| 906 | _aCoriolanus Cymbeline Titus Andronicus | ||
| 942 |
_2ddc _cBK |
||
| 999 |
_c214132 _d214132 |
||